[Event "Eurasia Cup op"]
[Site "Ekaterinburg"]
[Date "2019.08.03"]
[Round "4"]
[White "Ilichev, Ivan"]
[Black "Zharkov, Nikolay"]
[Result "0-1"]
[WhiteElo "1523"]
[BlackElo "2067"]
[PlyCount "57"]
[EventDate "2019.07.31"]
[EventType "swiss"]
[EventRounds "9"]
[EventCountry "RUS"]
[SourceTitle "CBM 191 Extra"]
[Source "ChessBase"]
[SourceDate "2019.09.30"]
[SourceVersion "1"]
[SourceVersionDate "2019.09.30"]
[SourceQuality "1"]

1. e4 c5 2. Nf3 d6 3. d4 cxd4 4. Nxd4 Nf6 5. Bd3 e5 6. Nf3 Be7 7. c4 0-0 8. Nc3 Nc6 9. a3 Bg4 10. h3 Bxf3 11. Qxf3 Nd4 12. Qd1 Rc8 13. 0-0 Qb6 14. Be3 Qxb2 15. Na4 Qb3 16. Bxd4 Qxd1 17. Rfxd1 exd4 18. Rab1 b6 19. Bf1 Nxe4 20. Rxd4 Ng5 21. Rd2 Rfd8 22. Nc3 Ne6 23. Nb5 Rd7 24. Be2 a6 25. Nc3 b5 26. Nd5 bxc4 27. Nxe7+ Rxe7 28. Rxd6 a5 29. Bxc4 0-1

[Event "Sofia MGU op 173rd"]
[Site "Sofia"]
[Date "2016.10.16"]
[Round "6"]
[White "Georgiev, Nikolay"]
[Black "Ilichev, Ivan"]
[Result "1-0"]
[WhiteElo "1574"]
[BlackElo "1114"]
[PlyCount "59"]
[EventDate "2016.10.15"]
[EventType "swiss"]
[EventRounds "6"]
[EventCountry "BUL"]
[SourceTitle "EXT 2017"]
[Source "ChessBase"]
[SourceDate "2016.10.25"]
[SourceVersion "1"]
[SourceVersionDate "2016.10.25"]
[SourceQuality "1"]

1. e4 e5 2. Bc4 Nf6 3. Nc3 Be7 4. d3 Nc6 5. f4 d6 6. h3 Na5 7. Bb3 0-0 8. g4 Nxb3 9. axb3 g6 10. f5 Re8 11. g5 Nh5 12. f6 Bf8 13. Qf3 b6 14. Be3 a5 15. Nge2 Bb7 16. h4 Rb8 17. 0-0-0 Qd7 18. Rdg1 Ba6 19. Ng3 Nxg3 20. Rxg3 b5 21. h5 b4 22. hxg6 fxg6 23. Nd5 c5 24. Rgh3 Rb7 25. f7+ Qxf7 26. Nf6+ Kh8 27. Rxh7+ Qxh7 28. Rxh7+ Rxh7 29. Nxh7 Kxh7 30. Qf7+ 1-0

[Event "Sofia MGU op 173rd"]
[Site "Sofia"]
[Date "2016.10.16"]
[Round "5"]
[White "Ilichev, Ivan"]
[Black "Gelemerov, Yane"]
[Result "0-1"]
[WhiteElo "1114"]
[BlackElo "2026"]
[PlyCount "88"]
[EventDate "2016.10.15"]
[EventType "swiss"]
[EventRounds "6"]
[EventCountry "BUL"]
[SourceTitle "EXT 2017"]
[Source "ChessBase"]
[SourceDate "2016.10.25"]
[SourceVersion "1"]
[SourceVersionDate "2016.10.25"]
[SourceQuality "1"]

1. e4 e5 2. Nf3 Nc6 3. d4 exd4 4. Nxd4 Bc5 5. Be3 Qf6 6. c3 Nge7 7. Bc4 d5 8. exd5 Ne5 9. Nd2 0-0 10. Ne4 Qg6 11. Bd3 Qxg2 12. Kd2 Bxd4 13. Bxd4 Bg4 14. Rg1 Nf3+ 15. Kc2 Nxd4+ 16. cxd4 Bxd1+ 17. Raxd1 Qh3 18. Nf6+ Kh8 19. Nxh7 Qxh7 20. Bxh7 Kxh7 21. Rde1 Nxd5 22. Re5 c6 23. Rh5+ Kg8 24. Rhg5 g6 25. h4 Rad8 26. h5 Ne7 27. R5g4 Kg7 28. Re4 Rd7 29. Rge1 Nf5 30. Rg4 Rxd4 31. f4 Rh8 32. hxg6 fxg6 33. Reg1 Ne3+ 34. Kc3 Nxg4 35. Kxd4 Rd8+ 36. Kc4 Ne3+ 37. Kc3 Nd5+ 38. Kc2 Nxf4 39. Re1 Kf6 40. b4 Rd4 41. a3 g5 42. Kc3 Rd7 43. Re8 g4 44. Rg8 Rg7 0-1